01624nam a2200397 i 450000100060000000300080000600500170001400600190003100700150005000800410006503500230010603500240012903500250015303500210017804000310019905000230023008000140025308200150026710000390028224502060032126400490052730000630057633600310063933700330067033800430070350001040074650400290085058801250087965000210100465000250102565000290105065000170107965500270109670000410112385600620116423577FlNmELB20241216214110.0m o d | cr cnu||||||||170314s2015 cu a ob 000 0 spa d a(MiAaPQ)EBC4794758 a(Au-PeEL)EBL4794758 a(CaPaEBR)ebr11335406 a(OCoLC)992064728 aFINmELBbspaerdacFINmELB 4aHD30.29bA117 2015 a159.955.60 a153.432231 aAbambari Arévalo, Mario Jacinto.10aEstrategia formativa de evaluación de competencias :bsu contextualización a la solución de problemas profesionales /cMario Jacinto Abambari Arévalo ; tutor: Dr.C. Evelio F. Machado Ramírez. 1aLa Habana :bEditorial Universitaria,c2015. a1 recurso en línea (vii, 146 páginas) :bilustraciones atextobtxt2rdacontent/spa acomputadorabc2rdamedia/spa arecurso en líneabcr2rdacarrier/spa aTesis (Doctor en Ciencias Pedagógicas)--Universidad de Camagüey Ignacio Agramonte Loynaz, 2015. aContiene bibliografía. aDescripción basada en recurso en línea; Título de la página del título en PDF (e-libro, visto March 14, 2017). 0aProblem solving. 0aLearning strategies. 4aSolución de problemas. 4aAprendizaje. 4aLibros electrónicos.1 aMachado Ramírez, Evelio F,etutor.40uhttps://elibro.net/ereader/politecnicointernacional/86727